Black & African Writing: A Festac Anthology (Record no. 2529)

MARC details
000 -LEADER
fixed length control field 00349nam a22001217a 4500
008 - FIXED-LENGTH DATA ELEMENTS--GENERAL INFORMATION
fixed length control field 250320b |||||||| |||| 00| 0 eng d
100 ## - MAIN ENTRY--AUTHOR
Author VINCENT, Theo
245 ## - TITLE STATEMENT
Title Black & African Writing: A Festac Anthology
260 ## - PUBLICATION, DISTRIBUTION, ETC. (IMPRINT)
Place of publication Lagos
Name of publisher Centre for Black & African Arts and Civilization
Date of publication 1981
300 ## - COLLATION
Pagination xxi, 388p.
942 ## - ADDED ENTRY ELEMENTS (KOHA)
Item type Books
050 ## - LIBRARY OF CONGRESS CALL NUMBER
Classification number PR9421
Item number .B53
Holdings
Source of classification or shelving scheme Not for loan Permanent location Current location Date acquired Accession No. Full call number Barcode. Koha item type
Library of Congress Classification   Samuel Ogbemudia Main Library, University of Abuja Samuel Ogbemudia Main Library, University of Abuja 03/20/2025 2008/38129 PR9421.B53 2025-0806 Books